| 000 | 00326nam a22001097a 4500 | ||
|---|---|---|---|
| 999 |
_c23829 _d23829 |
||
| 003 | Nust | ||
| 005 | 20170608142902.0 | ||
| 008 | 140219b xxu||||| |||| 00| 0 eng d | ||
| 010 | _a2009048244 | ||
| 020 |
_a978132217354 _cAvailable |
||
| 040 |
_aDLC _bDLC _cRCMS |
||
| 050 | _a620.0011 BLA | ||
| 082 |
_25th, ed. _a620.0011 BLA _b002655 |
||
| 100 |
_aBenjamin S. Blanchard _92333 |
||
| 245 |
_aSystems Engineering And Analysis _hEnglish |
||
| 260 |
_aUSA _bPretice Hall _cc2011. |
||
| 300 |
_axii, 786 p. : _bill. ; _c26 cm. |
||
| 538 | _iShelf # 12, Row # 2, System Engineering. Shelf No 1 Row No 4 | ||
| 650 |
_aSystem Engineering _91402 |
||
| 856 | _3Table of Contents Only | ||
| 942 |
_2ddc _cBK _e5th, ed. _k620.0011 BLA |
||